000 00650nam a2200181 a 4500
001 000035787
005 20200930074618.0
008 111114s1971 cu 000 0 spa d
040 _aDO-SdBNP
_bspa
_cBNPHU
245 0 0 _aNarrativa cubana de la revolución /
_cprólogo, selección y notas de J. M. Caballero Bonald.
250 _a3a ed.
260 _aMadrid :
_bAlianza Editorial,
_c1971.
300 _a258 p. ;
_c19 cm.
500 _aIncluye referencias bibliográficas y notas al pie de las páginas
590 _aPerteneció a la biblioteca personal de Juan Isidro Jimenes Grullón
700 1 _aCaballero Bonald, J. M.
_961732
049 _aBNPD
999 _c35278
_d35278